Detik dan peristiwa jang terdjadi dalam Daerah Istimewa Atjeh tahun 1959. (Record no. 55223)

MARC details
000 -LEADER
fixed length control field 00661cam a22002051 4500
001 - CONTROL NUMBER
control field sa 63003662
003 - CONTROL NUMBER IDENTIFIER
control field DLC
005 - DATE AND TIME OF LATEST TRANSACTION
control field 20260227111943.0
008 - FIXED-LENGTH DATA ELEMENTS--GENERAL INFORMATION
fixed length control field 810921s1960 io 001 0 ind
010 ## - LIBRARY OF CONGRESS CONTROL NUMBER
LC control number sa 63003662
040 ## - CATALOGING SOURCE
Original cataloging agency DLC
Transcribing agency DLC
Modifying agency DLC
043 ## - GEOGRAPHIC AREA CODE
Geographic area code a-io---
050 00 - LIBRARY OF CONGRESS CALL NUMBER
Classification number DS646.15.A8
Item number A93 1960
110 1# - MAIN ENTRY--CORPORATE NAME
Corporate name or jurisdiction name as entry element Atjeh, Indonesia.
Subordinate unit Djawatan Penerangan.
245 10 - TITLE STATEMENT
Title Detik dan peristiwa jang terdjadi dalam Daerah Istimewa Atjeh tahun 1959.
260 ## - PUBLICATION, DISTRIBUTION, ETC.
Place of publication, distribution, etc. [Kutaradja]
Name of publisher, distributor, etc. Djawatan Penerangan Daerah Istimewa Atjeh
Date of publication, distribution, etc. [1960]
300 ## - PHYSICAL DESCRIPTION
Extent 75 p.
Dimensions 24 cm.
500 ## - GENERAL NOTE
General note Cover title.
651 #0 - SUBJECT ADDED ENTRY--GEOGRAPHIC NAME
Geographic name Nanggroe Aceh Darussalam (Indonesia)
General subdivision Description and travel.

No items available.

Powered by Koha